| 000 | 00834nem a2200217 u 4500 | ||
|---|---|---|---|
| 005 | 20200104041742.0 | ||
| 008 | 160504b1995 C ||||| |a|| 00| 0 spa d | ||
| 040 |
_aCO-BoIAVH _cCO-BoIAVH |
||
| 041 | _aspa | ||
| 044 | _ack | ||
| 090 |
_aMC- _b0138 |
||
| 110 | 2 |
_aInstituto de Investigación de Recursos Biológicos Alexander von Humboldt. _9204 |
|
| 245 |
_aMapa de localización sectores de estudio ; _bExploración ecológica a los Parches de bosques secos del Valle del Cauca Rio Magdalena- Depto del Tolima _h[Material Cartografico] |
||
| 255 | _a1:100.000 | ||
| 260 |
_aBogotá _bInstituto de Investigación de Recursos Biológicos Alexander von Humboldt. _c1995 |
||
| 300 |
_a1 mapa ; _bcolor _c74 x 35 cm |
||
| 650 | 1 | 6 |
_aHidrografía _95361 |
| 650 | 1 | 6 |
_aCarreteras _970716 |
| 650 | 1 | 6 |
_aGeografía _992259 |
| 942 |
_2z _cMapa |
||
| 999 |
_c18468 _d18468 |
||